Enfermería geriátrica y gerontológica / (Registro nro. 21794)

Detalles MARC
000 -LEADER
fixed length control field 02654nam a22002417a 4500
001 - CONTROL NUMBER
control field 021607
003 - CONTROL NUMBER IDENTIFIER
control field DO-CoUTE
005 - DATE AND TIME OF LATEST TRANSACTION
control field 20260204212649.0
008 - FIXED-LENGTH DATA ELEMENTS--GENERAL INFORMATION
fixed length control field 220728b dr ||||| |||| 00| 0 spa d
020 ## - INTERNATIONAL STANDARD BOOK NUMBER
International Standard Book Number 978-0-0600-0038-7
040 ## - CATALOGING SOURCE
Original cataloging agency DO-CoUTE
Language of cataloging spa
Transcribing agency DO-CoUTE
082 ## - DEWEY DECIMAL CLASSIFICATION NUMBER
Edition number 22
Classification number 618.97 E42e
Item number 2019
100 1# - MAIN ENTRY--PERSONAL NAME
Personal name Eliopoulos, Charlotte
Relator term autor
245 1# - TITLE STATEMENT
Title Enfermería geriátrica y gerontológica /
Statement of responsibility, etc. Charlotte Eliopoulos ; traductor Félix García Roig
250 ## - EDITION STATEMENT
Edition statement novena edición
260 ## - PUBLICATION, DISTRIBUTION, ETC.
Place of publication, distribution, etc. Barcelona , España :
Name of publisher, distributor, etc. Wolters Kluwer,
Date of publication, distribution, etc. 2019
300 ## - PHYSICAL DESCRIPTION
Extent 539 páginas :
Other physical details Ilustraciones ;
Dimensions 26cm.
501 ## - WITH NOTE
With note Incluye referencias bibliográficas e índice
520 ## - SUMMARY, ETC.
Summary, etc. Enfermería gerontológica recoge un amplio número de aspectos y desgrana en detalle los conocimientos que sirven de principio a la práctica de la especialidad. El enfoque de Enfermería gerontológica se centra en la promoción y la recuperación de la salud mediante el equilibrio entre cuerpo, mente y espíritu. Así, este texto prepara al profesional de la enfermería no sólo para proporcionar cuidados de enfermería a las personas con distintas patologías, sino para satisfacer de forma holística las necesidades de cada individuo. Para ello se presentan las intervenciones de enfermería que empoderan al individuo en edad geriátrica, para que satisfaga sus necesidades de atención a su propia salud de forma óptima.<br/><br/>Características principales:<br/><br/>El apartado Aplicación de la investigación a la práctica destaca las últimos estudios y expone su aplicación práctica.<br/>En Ejemplos prácticos se exponen ejemplos reales de situaciones que el profesional de la especialidad puede encontrar en su práctica diaria.<br/>En los cuadros de Puntos para la reflexión se plantean preguntas para fomentar la reflexión sobre el contenido expuesto.<br/>Las Guías de evaluación presentan un resumen de las observaciones generales, la entrevista de enfermería y la valoración física de los distintos sistemas corporales.<br/>En los destacados Diagnósticos de enfermería se presenta una selección de los diagnósticos de enfermería más frecuentes en gerontología.<br/>Los Planes de cuidados de enfermería muestran los pasos para aplicar los diagnósticos de enfermería, los objetivos y las acciones a partir de objetivos identificados.<br/>Los cuadros Casos para considerar presentan situaciones clínicas que fomentan el desarrollo del pensamiento crítico.<br/>Los Ejercicios de pensamiento crítico ayudan a aplicar la teoría a la práctica diaria.
650 #7 - SUBJECT ADDED ENTRY--TOPICAL TERM
Source of heading or term LEMB
Topical term or geographic name entry element vejez - enfermedades
700 ## - ADDED ENTRY--PERSONAL NAME
Personal name García Roig, Félix
Relator term traductor
942 ## - ADDED ENTRY ELEMENTS (KOHA)
Source of classification or shelving scheme Dewey Decimal Classification
Koha item type Libros
Existencias
Withdrawn status Lost status Source of classification or shelving scheme Damaged status Not for loan Collection code Home library Current library Date acquired Inventory number Total Checkouts Full call number Barcode Date last seen Copy number Price effective from Koha item type
    Dewey Decimal Classification     Colección General Biblioteca UTECO Biblioteca UTECO 07/28/2022 021607   618.97 E42e 2019 021607 07/28/2022 Ej.1 07/28/2022 Libros
© 2021 Derechos Reservados UTECO - Teléfono: +1 809-585-2291 - Correo electrónico: biblioteca@uteco.edu.do​  
Código postal 43000 ​​
Dirección: Avenida Universitaria No. 100, 
Cotuí, Provincia Sánchez Ramírez, República Dominicana - RNC: 404-00059-6